000 00189nam a2200085Ia 4500
008 170620s9999 xx 000 0 und d
100 _aKapoor - S.K
245 0 _aLaw of Torts
260 _bCommercial Law
260 _c2001
999 _c28683
_d28683